000 00675nam a2200181 i 4500
001 46736
003 ES-MaACL
005 20230906161434.0
007 t|
008 030331s1970 sp ||||1| spa d
080 _a711.8(24).061.3(100)
111 2 _aCongreso Internacional de Técnica y Urbanismo Subterráneos (
_d1969.
_cMadrid)
_9456
245 1 0 _aPonencias y comunicaciones /
_cV Congreso Internacional de Técnica y Urbanismo Subterráneos, Madrid, 5-11 octubre 1969.
260 _a[Madrid :
_bs.n.,
_c1970] (
_fImp. El arte)
300 _a2 v. :
_b24 lám, 8 planos pleg., il. ;
_c30 cm.
650 4 _aUrbanismo subterráneo.
_9174544
852 4 _aES-MaACL
_jC-41454-55
999 _c46736
_d46736